[Event "Gausdal Troll Masters"]
[Site "Gausdal, Norway"]
[Date "2003.01.07"]
[Round "1"]
[White "Fossum, Øystein Bøyum"]
[Black "Womacka, Mathias"]
[Result "0-1"]
[WhiteElo "2167"]
[BlackElo "2496"]
[PlyCount "178"]
[EventDate "2003.01.??"]
[Source "EeEk"]
[SourceDate "2003.01.08"]

1. c4 c5 2. g3 Nf6 3. Bg2 d5 4. cxd5 Nxd5 5. Nc3 Nc7 6. Nf3 Nc6 7. O-O e5 8.
Ne1 Bf5 9. Bxc6+ bxc6 10. Qa4 Qd7 11. d3 Ne6 12. Ng2 Be7 13. f4 exf4 14. Nxf4
Nd4 15. Be3 Rb8 16. Rab1 O-O 17. Qd1 c4 18. Bf2 cxd3 19. Nxd3 c5 20. e4 Bh3 21.
Re1 Bd6 22. Bxd4 cxd4 23. Nd5 Be6 24. b3 Bxd5 25. exd5 Qf5 26. Nb2 Bb4 27. Rf1
Qxd5 28. Qd3 Rbe8 29. Nc4 Qe4 30. Rbd1 Bc3 31. Rf2 Qxd3 32. Rxd3 g6 33. g4 Re1+
34. Kg2 Rfe8 35. Rdf3 R8e2 36. Nd6 Rxf2+ 37. Kxf2 Re7 38. Nb5 Bb2 39. Rd3 a6
40. Nxd4 Rd7 41. Ke3 f6 42. Nf3 Bc1+ 43. Ke2 Re7+ 44. Kf2 Bf4 45. h3 Rc7 46.
Nd4 Kf7 47. Kf3 Be5 48. Ke4 Bd6 49. Kd5 Bf8 50. Ke4 Rc5 51. Kf3 h5 52. Ke4 Ra5
53. Rd2 Re5+ 54. Kf3 Bc5 55. Rd3 hxg4+ 56. hxg4 Re1 57. Ne2 Rf1+ 58. Kg3 Rf2
59. Nc3 Rc2 60. Ne4 Be7 61. Rd2 Rxd2 62. Nxd2 Ke6 63. Nf3 Kd5 64. Nh4 g5 65.
Nf5 Bf8 66. Kf3 Kc5 67. Ke4 Kb4 68. Kd3 Ka3 69. Kc3 Kxa2 70. Kc2 Ka3 71. Kc3
Bb4+ 72. Kc2 Be1 73. Nh6 Kb4 74. Ng8 Bc3 75. Ne7 Be5 76. Nf5 Bc7 77. Ne7 Kc5
78. Kd3 Kd6 79. Ng6 Ke6 80. Ke4 Bd6 81. Nh8 Bf8 82. Ng6 Bg7 83. b4 Bh6 84. Kd4
Kf7 85. Ne5+ fxe5+ 86. Kxe5 Bf8 87. Kf5 Be7 88. Ke5 Bxb4 89. Kf5 Be7 0-1

[Event "Gausdal Troll Masters"]
[Site "Gausdal, Norway"]
[Date "2003.01.07"]
[Round "1"]
[White "Kallio, Heikki"]
[Black "Andersen, Alf R"]
[Result "1-0"]
[WhiteElo "2474"]
[BlackElo "2142"]
[PlyCount "91"]
[EventDate "2003.01.??"]
[Source "EeEk"]
[SourceDate "2003.01.08"]

1. e4 d6 2. d4 Nf6 3. Nc3 g6 4. g3 Bg7 5. Bg2 Nc6 6. d5 Ne5 7. f4 Bg4 8. Qd2
Nc4 9. Qd3 Nb6 10. a4 Nfd7 11. Be3 Nc5 12. Bxc5 dxc5 13. a5 Nc8 14. Qb5+ Bd7
15. Qxc5 b6 16. Qe3 bxa5 17. e5 Rb8 18. e6 Bb5 19. exf7+ Kf8 20. Nf3 Nd6 21.
Nxb5 Rxb5 22. Ng5 Qb8 23. Ne6+ Kxf7 24. Nxg7 Kxg7 25. O-O-O Re8 26. Bh3 Qb6 27.
Qe5+ Kg8 28. Bd7 Rb8 29. Qxe7 Nf5 30. Qe5 Qe3+ 31. Qxe3 Nxe3 32. Bxb5 Nxd1 33.
Rxd1 Rxb5 34. Rd4 Kf8 35. Rc4 Rb7 36. Rc5 Ke7 37. Rxa5 Kd6 38. c3 c6 39. dxc6
Kxc6 40. Re5 Rd7 41. Kc2 Kb6 42. b4 a6 43. c4 Kc6 44. Re6+ Kb7 45. Kc3 Ka7 46.
c5 1-0

[Event "Gausdal Troll Masters"]
[Site "Gausdal, Norway"]
[Date "2003.01.07"]
[Round "1"]
[White "Ask, Josef"]
[Black "Westerinen, Heikki"]
[Result "1/2-1/2"]
[WhiteElo "2128"]
[BlackElo "2374"]
[PlyCount "141"]
[EventDate "2003.01.??"]
[Source "EeEk"]
[SourceDate "2003.01.08"]

1. e4 e5 2. Nf3 Nc6 3. Bc4 Nf6 4. d3 h6 5. O-O d6 6. a4 g6 7. a5 Bg7 8. a6 O-O
9. c3 d5 10. exd5 Nxd5 11. Qb3 Nb6 12. axb7 Bxb7 13. Be3 Nxc4 14. Qxb7 Nxe3 15.
fxe3 Qd7 16. Ra6 Ne7 17. Qe4 Qb5 18. Ra2 f5 19. Qa4 Qxd3 20. Re1 Kh7 21. Qa5
Qd5 22. Qxd5 Nxd5 23. Ra5 Rfd8 24. c4 e4 25. cxd5 exf3 26. gxf3 Bxb2 27. Re2
Be5 28. Na3 Rd7 29. Nc4 Bc3 30. Rc5 a5 31. Kg2 a4 32. e4 a3 33. Ra2 fxe4 34.
fxe4 Re7 35. e5 Bxe5 36. Nxe5 Rxe5 37. Rxc7+ Kg8 38. d6 Rd5 39. d7 Rd8 40. Rxa3
R8xd7 41. Ra8+ Kf7 42. Rxd7+ Rxd7 43. Ra6 Rd3 44. Rb6 Re3 45. Ra6 Re6 46. Ra5
Kf6 47. Kg3 Re5 48. Ra6+ Kf5 49. Rb6 Re3+ 50. Kf2 Re6 51. Rb5+ Kg4 52. Rb3 Ra6
53. Rg3+ Kh4 54. Kg1 g5 55. Kg2 Ra2+ 56. Kg1 Ra4 57. Rb3 Kg4 58. Kg2 Ra2+ 59.
Kg1 Re2 60. Rg3+ Kf4 61. Rh3 Re6 62. Kf2 g4 63. Ra3 h5 64. h3 Re4 65. hxg4 hxg4
66. Ra2 Rb4 67. Kg2 Rb5 68. Ra4+ Kg5 69. Ra2 Kh4 70. Rc2 Rb3 71. Ra2 1/2-1/2

[Event "Gausdal Troll Masters"]
[Site "Gausdal, Norway"]
[Date "2003.01.07"]
[Round "1"]
[White "Shumiakina, Tatiana"]
[Black "Lönngren, Tobias"]
[Result "1-0"]
[WhiteElo "2364"]
[BlackElo "2122"]
[PlyCount "75"]
[EventDate "2003.01.??"]
[Source "EeEk"]
[SourceDate "2003.01.08"]

1. d4 d5 2. c4 c6 3. Nf3 Nf6 4. e3 Bf5 5. Nc3 e6 6. Nh4 Be4 7. f3 Bg6 8. Qb3
Qb6 9. Nxg6 hxg6 10. Bd2 Nbd7 11. O-O-O Qxb3 12. axb3 O-O-O 13. Bd3 Bd6 14. h3
Kb8 15. Kb1 a6 16. Bc2 Rhe8 17. e4 dxe4 18. fxe4 e5 19. d5 c5 20. Rhf1 Re7 21.
Rf3 Nh5 22. Be3 Nf4 23. g3 Nh5 24. Bd3 f6 25. Na4 Kc7 26. b4 b6 27. bxc5 Nxc5
28. Nxc5 Bxc5 29. Bxc5 bxc5 30. Be2 Red7 31. Kc2 Rd6 32. b4 Kb6 33. bxc5+ Kxc5
34. Ra3 Rc8 35. Bxh5 gxh5 36. Kc3 f5 37. Rb1 Rf6 38. Rb7 1-0

[Event "Gausdal Troll Masters"]
[Site "Gausdal, Norway"]
[Date "2003.01.07"]
[Round "1"]
[White "Korhonen, Pasi"]
[Black "Hanley, Craig"]
[Result "0-1"]
[WhiteElo "2115"]
[BlackElo "2359"]
[PlyCount "82"]
[EventDate "2003.01.??"]
[Source "EeEk"]
[SourceDate "2003.01.08"]

1. b3 e5 2. Bb2 d6 3. e3 Nf6 4. Nf3 Bg4 5. Be2 Nbd7 6. d4 e4 7. Nfd2 Bxe2 8.
Qxe2 c6 9. c4 d5 10. Nc3 a6 11. O-O Bb4 12. Rfc1 O-O 13. Nf1 Re8 14. cxd5 cxd5
15. a3 Bd6 16. Na4 Qe7 17. b4 b5 18. Nc5 Nb6 19. Bc3 Nc4 20. Ra2 a5 21. bxa5
Nxa5 22. Bxa5 Rxa5 23. Rb2 Rb8 24. Rc3 h5 25. Qd2 Qa7 26. Rbb3 g6 27. h3 Kg7
28. Qc1 h4 29. Qb2 Nd7 30. Rc2 Nb6 31. Nd2 Nc4 32. Nxc4 bxc4 33. Rb7 Rxa3 34.
Rc1 Rxb7 35. Qxb7 Bxc5 36. Qxd5 Ra1 37. Rxa1 Qxa1+ 38. Kh2 Bf8 39. Qe5+ Kg8 40.
Qxe4 c3 41. d5 Qd1 0-1

[Event "Gausdal Troll Masters"]
[Site "Gausdal, Norway"]
[Date "2003.01.07"]
[Round "1"]
[White "Leer-Salvesen, Bjarte"]
[Black "Martinsen, Stig K"]
[Result "1-0"]
[WhiteElo "2329"]
[BlackElo "2085"]
[PlyCount "75"]
[EventDate "2003.01.??"]
[Source "EeEk"]
[SourceDate "2003.01.08"]

1. c4 e5 2. g3 f5 3. Bg2 Nf6 4. Nc3 d6 5. d3 Be7 6. e4 c6 7. Nge2 O-O 8. O-O
Na6 9. Kh1 fxe4 10. dxe4 Be6 11. b3 Qd7 12. Ng1 b5 13. cxb5 cxb5 14. Bg5 Rac8
15. Bxf6 Bxf6 16. Nd5 Bd8 17. f4 Nc7 18. fxe5 Rxf1 19. Qxf1 dxe5 20. Nxc7 Bxc7
21. Rd1 Qe8 22. Nf3 h6 23. Bh3 a6 24. Bxe6+ Qxe6 25. Qd3 Rd8 26. Qe2 Rxd1+ 27.
Qxd1 Qc6 28. Qe2 Qd6 29. Kg2 Bb6 30. h4 g6 31. Qc2 Bc5 32. h5 gxh5 33. Qc3 Bd4
34. Qc8+ Kg7 35. Nh4 Qf6 36. Nf5+ Kf7 37. Qb8 Kg6 38. Qg8+ 1-0

[Event "Gausdal Troll Masters"]
[Site "Gausdal, Norway"]
[Date "2003.01.07"]
[Round "1"]
[White "Molander, Riku"]
[Black "Svensen, Tarjei Joten"]
[Result "1-0"]
[WhiteElo "2291"]
[BlackElo "2074"]
[PlyCount "78"]
[EventDate "2003.01.??"]
[Source "EeEk"]
[SourceDate "2003.01.08"]

1. e4 e6 2. d4 d5 3. e5 c5 4. c3 Nc6 5. Nf3 Qb6 6. a3 Nh6 7. b4 cxd4 8. cxd4
Nf5 9. Bb2 Be7 10. Bd3 O-O 11. O-O g6 12. Bxf5 exf5 13. Nc3 Be6 14. Qd2 Qd8 15.
h4 Re8 16. Ng5 Bf8 17. Rac1 h6 18. Nf3 Kh7 19. Rc2 Rc8 20. Nb5 a6 21. Nc3 Qd7
22. Ne2 Bg7 23. Nf4 Na7 24. Rfc1 Rxc2 25. Qxc2 Rc8 26. Qb1 Qa4 27. Rxc8 Nxc8
28. h5 Qc6 29. hxg6+ fxg6 30. a4 Bd7 31. Qe1 g5 32. Nh5 Be6 33. Bc1 Bf7 34.
Nxg7 Kxg7 35. b5 axb5 36. axb5 Qb6 37. Ba3 Be6 38. Qc1 Qxb5 39. Nxg5 hxg5 {Time
} 1-0

[Event "Gausdal Troll Masters"]
[Site "Gausdal, Norway"]
[Date "2003.01.07"]
[Round "1"]
[White "Berg, Olaf"]
[Black "Charleshouse, Glenn"]
[Result "1-0"]
[WhiteElo "2065"]
[BlackElo "2284"]
[PlyCount "55"]
[EventDate "2003.01.??"]
[Source "EeEk"]
[SourceDate "2003.01.08"]

1. e4 c5 2. Nf3 e6 3. d4 cxd4 4. Nxd4 Nf6 5. Bd3 Nc6 6. Nxc6 bxc6 7. O-O e5 8.
Qe2 Be7 9. Kh1 d6 10. Nc3 O-O 11. f4 exf4 12. Bxf4 Nd7 13. Rad1 Ne5 14. Bxe5
dxe5 15. Bc4 Qe8 16. Qh5 Bb4 17. a3 Ba5 18. b4 Bb6 19. b5 g6 20. Qg5 Be6 21.
Bxe6 Qxe6 22. Rf6 Be3 23. Rxe6 Bxg5 24. Rxc6 f5 25. g3 Rfd8 26. Nd5 fxe4 27. c4
Rac8 28. h4 1-0

[Event "Gausdal Troll Masters"]
[Site "Gausdal, Norway"]
[Date "2003.01.07"]
[Round "1"]
[White "Bisby, Daniel"]
[Black "Pedersen, Øyvind"]
[Result "1/2-1/2"]
[WhiteElo "2283"]
[BlackElo "2054"]
[PlyCount "81"]
[EventDate "2003.01.??"]
[Source "EeEk"]
[SourceDate "2003.01.08"]

1. e4 c5 2. Nc3 d6 3. g3 Nc6 4. Bg2 Nf6 5. d3 g6 6. f4 Bg7 7. Nf3 O-O 8. O-O a6
9. h3 b5 10. a3 Bb7 11. Be3 Qc7 12. Qd2 e6 13. g4 Rac8 14. a4 b4 15. Ne2 Nd7
16. Rab1 d5 17. e5 Ne7 18. d4 cxd4 19. Nexd4 a5 20. Rbc1 Ba6 21. Nb5 Bxb5 22.
axb5 f6 23. Nd4 Nc5 24. Nc6 Na4 25. Nxe7+ Qxe7 26. Bd4 Qc7 27. Qe3 fxe5 28.
fxe5 Nc5 29. c4 Rxf1+ 30. Bxf1 Nd7 31. c5 Bxe5 32. Bxe5 Nxe5 33. b6 Qb8 34. Ba6
Rf8 35. Be2 Nf3+ 36. Bxf3 Qg3+ 37. Kh1 Qxh3+ 38. Kg1 Qg3+ 39. Kh1 Qh3+ 40. Kg1
Qg3+ 41. Kh1 1/2-1/2

[Event "Gausdal Troll Masters"]
[Site "Gausdal, Norway"]
[Date "2003.01.07"]
[Round "1"]
[White "Simonsen, Olavur"]
[Black "Johansson, Per"]
[Result "1-0"]
[WhiteElo "2265"]
[BlackElo "2016"]
[PlyCount "100"]
[EventDate "2003.01.??"]
[Source "EeEk"]
[SourceDate "2003.01.08"]

1. e4 c6 2. Nf3 d5 3. Nc3 Bg4 4. Be2 dxe4 5. Nxe4 Nf6 6. Neg5 Bxf3 7. Nxf3 e6
8. O-O Bd6 9. d4 Nbd7 10. Re1 O-O 11. Bd3 Qc7 12. Bg5 c5 13. c3 c4 14. Bc2 h6
15. Bxf6 Nxf6 16. Ne5 b5 17. a3 Rad8 18. Qf3 Bxe5 19. Rxe5 Rd5 20. Rae1 Rfd8
21. Qg3 Rxe5 22. Rxe5 a6 23. Rc5 Qxg3 24. hxg3 Rb8 25. Kf1 Kf8 26. Rc7 a5 27.
Ke1 Nd5 28. Rc5 Ke7 29. Kd1 Kd6 30. Kc1 f5 31. a4 bxa4 32. Rxa5 Nb6 33. Bxa4
Nxa4 34. Rxa4 Kd5 35. Ra5+ Kd6 36. Rc5 Ra8 37. Rxc4 Ra1+ 38. Kd2 Rg1 39. Ke2
Rxg2 40. Kf1 Rh2 41. Kg1 Rh5 42. b4 e5 43. dxe5+ Kxe5 44. f4+ Kd5 45. Rc5+ Ke4
46. Kg2 g5 47. Re5+ Kd3 48. Rxf5 Kxc3 49. b5 Kd3 50. b6 Ke2 1-0

[Event "Gausdal Troll Masters"]
[Site "Gausdal, Norway"]
[Date "2003.01.07"]
[Round "1"]
[White "Fäldt, Magnus"]
[Black "Hörbing, Stefan"]
[Result "1-0"]
[WhiteElo "2252"]
[BlackElo "2038"]
[PlyCount "55"]
[EventDate "2003.01.??"]
[Source "EeEk"]
[SourceDate "2003.01.08"]

1. d4 Nf6 2. c4 e6 3. Nc3 Bb4 4. Qc2 c5 5. dxc5 O-O 6. Nf3 Bxc5 7. Bg5 b6 8. e4
d6 9. O-O-O Qe7 10. e5 dxe5 11. Nxe5 Bb7 12. Ng4 Na6 13. a3 Rfd8 14. Bd3 h5 15.
Nxf6+ gxf6 16. Bh4 Rd4 17. Bh7+ Kg7 18. Rxd4 Bxd4 19. Ne2 Rd8 20. Ng3 Qc5 21.
Be4 Bxe4 22. Nxe4 Qf5 23. Kb1 b5 24. Rd1 Nc5 25. Rxd4 Rxd4 26. Bxf6+ Kg6 27.
Bxd4 Nxe4 28. cxb5 1-0

[Event "Gausdal Troll Masters"]
[Site "Gausdal, Norway"]
[Date "2003.01.07"]
[Round "1"]
[White "Saulnier, Jean"]
[Black "Hole, Øystein"]
[Result "0-1"]
[WhiteElo "1881"]
[BlackElo "2252"]
[PlyCount "38"]
[EventDate "2003.01.??"]
[Source "EeEk"]
[SourceDate "2003.01.08"]

1. d4 d5 2. Nf3 Nf6 3. e3 Bf5 4. c4 c6 5. cxd5 cxd5 6. Qb3 Qc7 7. Nc3 e6 8. Bd2
Nc6 9. a3 Be7 10. Rc1 O-O 11. Be2 Rac8 12. O-O Nd7 13. Na4 Rb8 14. Bd3 b5 15.
Bxf5 bxa4 16. Bxh7+ Kxh7 17. Qxa4 Rxb2 18. Ba5 Qb7 19. Rc3 Nxa5 0-1

[Event "Gausdal Troll Masters"]
[Site "Gausdal, Norway"]
[Date "2003.01.07"]
[Round "1"]
[White "Poulsen, Martin"]
[Black "Knudsen, Ragnar"]
[Result "1/2-1/2"]
[WhiteElo "2244"]
[BlackElo "1817"]
[PlyCount "125"]
[EventDate "2003.01.??"]
[Source "EeEk"]
[SourceDate "2003.01.08"]

1. e4 d5 2. Nc3 dxe4 3. Nxe4 Qd5 4. d3 Bf5 5. Ng3 Bg6 6. c4 Qd6 7. Qb3 Nc6 8.
Qxb7 Qb4+ 9. Qxb4 Nxb4 10. Kd2 Nxd3 11. Bxd3 Rd8 12. Nf3 Bxd3 13. Kc3 g6 14.
Be3 Bg7+ 15. Bd4 Nf6 16. Rhe1 c5 17. Be5 O-O 18. Rad1 Bf5 19. Nxf5 gxf5 20. Kc2
Ne4 21. Bxg7 Kxg7 22. Rxd8 Rxd8 23. Re2 Kf6 24. Ne1 Nd6 25. b3 Nb7 26. Nd3 Rd6
27. Nf4 e6 28. Nd3 Rd8 29. a3 a5 30. Kc3 Rd6 31. f4 Ke7 32. Re3 Kf6 33. Rh3 Kg7
34. Rg3+ Kf8 35. Re3 f6 36. b4 axb4+ 37. axb4 cxb4+ 38. Kxb4 Rb6+ 39. Ka4 Rd6
40. Kb5 Kf7 41. c5 Rd5 42. Kb6 Nxc5 43. Nxc5 Rd2 44. g3 e5 45. h4 exf4 46. gxf4
Rh2 47. Nd3 Rxh4 48. Kc5 Rh2 49. Nb4 h5 50. Nd5 h4 51. Re7+ Kg6 52. Re6 h3 53.
Rxf6+ Kh5 54. Rxf5+ Kg4 55. Rg5+ Kf3 56. f5 Rg2 57. Rh5 h2 58. f6 Rf2 59. Kd4
Kg2 60. Ne3+ Kg1 61. Rg5+ Kh1 62. Ng4 Rxf6 63. Nxf6 1/2-1/2

[Event "Gausdal Troll Masters"]
[Site "Gausdal, Norway"]
[Date "2003.01.07"]
[Round "1"]
[White "Nilsen, Terje"]
[Black "Berning, Boris"]
[Result "0-1"]
[WhiteElo "1714"]
[BlackElo "2240"]
[PlyCount "80"]
[EventDate "2003.01.??"]
[Source "EeEk"]
[SourceDate "2003.01.08"]

1. e4 c5 2. Nf3 e6 3. g3 Nc6 4. Bg2 Qc7 5. O-O Nf6 6. Re1 d6 7. c3 Be7 8. d4
O-O 9. Nbd2 cxd4 10. Nxd4 Bd7 11. Nf1 Rac8 12. Nb5 Qb8 13. Bg5 Ne5 14. Nd4 b5
15. f4 Nc4 16. Qe2 h6 17. Bh4 Rfe8 18. Rac1 g6 19. Kh1 e5 20. Nb3 exf4 21. gxf4
Nh5 22. Bg3 Bf6 23. Ne3 Nxe3 24. Qxe3 b4 25. Nd4 bxc3 26. bxc3 Qb2 27. Rc2 Qa3
28. Ree2 Ba4 29. Nb3 Bxb3 30. axb3 Qxb3 31. Rc1 a5 32. Bf3 Ng7 33. f5 Nxf5 34.
Qd2 Nd4 35. cxd4 Qxf3+ 36. Rg2 Bxd4 37. Bf2 Rxc1+ 38. Qxc1 Rxe4 39. Qc8+ Kg7
40. Qc2 Bxf2 0-1

[Event "Gausdal Troll Masters"]
[Site "Gausdal, Norway"]
[Date "2003.01.07"]
[Round "1"]
[White "Hammer, Jon Ludvig"]
[Black "Harestad, Hans Krogh"]
[Result "0-1"]
[WhiteElo "1752"]
[BlackElo "2236"]
[PlyCount "124"]
[EventDate "2003.01.??"]
[Source "EeEk"]
[SourceDate "2003.01.08"]

1. Nf3 Nf6 2. g3 g6 3. b4 Bg7 4. Bb2 d5 5. Bg2 O-O 6. O-O c6 7. d3 a5 8. a3
axb4 9. axb4 Rxa1 10. Bxa1 Na6 11. c3 Qd6 12. Na3 Nd7 13. Qb3 b5 14. Nd2 Nb6
15. Rd1 Be6 16. Nc2 h5 17. Rb1 Ra8 18. Bb2 Na4 19. Ba1 Nb6 20. Bb2 h4 21. Ba3
Na4 22. Nd4 hxg3 23. hxg3 Bg4 24. Bf3 Bxf3 25. N2xf3 e5 26. Nc2 e4 27. Nfd4 Nc7
28. Kg2 Re8 29. Bc1 Ne6 30. Be3 Nxd4 31. cxd4 Nb6 32. Re1 Nd7 33. Qc3 Nf6 34.
Bf4 Qe6 35. Rc1 Nh5 36. Be3 f5 37. Qd2 Bf8 38. Bf4 Bd6 39. Bxd6 Qxd6 40. e3 Ra8
41. Ra1 Rf8 42. Ra6 g5 43. Qc3 Rc8 44. Na3 Qe6 45. dxe4 fxe4 46. Qc2 Qd7 47.
Qc5 Qf5 48. Rxc6 Rf8 49. Qc2 Qf3+ 50. Kh2 Nf6 51. Rc8 Ne8 52. Nxb5 Kg7 53. Rxe8
Rxe8 54. Qc7+ Kh8 55. Qc6 Qxf2+ 56. Kh3 g4+ 57. Kh4 Qh2+ 58. Kg5 Rg8+ 59. Kf4
Qf2+ 60. Ke5 Rg5+ 61. Kd6 Rg6+ 62. Kxd5 Qf5+ 0-1

[Event "Gausdal Troll Masters"]
[Site "Gausdal, Norway"]
[Date "2003.01.07"]
[Round "1"]
[White "Nolsøe, Eydun"]
[Black "Larsen, Tor Kristian"]
[Result "1-0"]
[WhiteElo "2236"]
[BlackElo "1747"]
[PlyCount "55"]
[EventDate "2003.01.??"]
[Source "EeEk"]
[SourceDate "2003.01.08"]

1. e4 c6 2. d4 d5 3. e5 Bf5 4. Nc3 e6 5. g4 Bg6 6. Nge2 Ne7 7. h4 h5 8. Nf4
hxg4 9. Nxg6 Nxg6 10. h5 c5 11. Qxg4 cxd4 12. Qxd4 Nc6 13. Bb5 a6 14. Bxc6+
bxc6 15. Bd2 c5 16. Qa4+ Qd7 17. f4 Ne7 18. O-O-O Nf5 19. Rdg1 Be7 20. Be1 Rh6
21. Qa5 Qc6 22. Ne2 d4 23. Rh3 Rb8 24. Bf2 Bd8 25. Qd2 Qd5 26. b3 Bb6 27. Ng3
Ne3 28. Bxe3 1-0

[Event "Gausdal Troll Masters"]
[Site "Gausdal, Norway"]
[Date "2003.01.07"]
[Round "1"]
[White "Johansen, Paul"]
[Black "Torgersen, Terje"]
[Result "1-0"]
[WhiteElo "2239"]
[BlackElo "1790"]
[PlyCount "105"]
[EventDate "2003.01.??"]
[Source "EeEk"]
[SourceDate "2003.01.08"]

1. e4 c5 2. Nf3 Nc6 3. Nc3 d6 4. g3 Nf6 5. Bg2 g6 6. O-O Bg7 7. d4 cxd4 8. Nxd4
Bd7 9. Be3 Ng4 10. Nxc6 Nxe3 11. Nxd8 Nxd1 12. Nxd1 Rxd8 13. c3 Bc6 14. Ne3 e6
15. Rfd1 f5 16. exf5 Bxg2 17. Kxg2 gxf5 18. f4 Rf8 19. Rd3 Rf7 20. Re1 Kf8 21.
Nc2 Re7 22. Na3 Kf7 23. Nb5 d5 24. Nd4 Bxd4 25. Rxd4 Rc8 26. Kf3 Rc4 27. Rxc4
dxc4 28. Rd1 Rc7 29. Rd8 Ke7 30. Rh8 Kd6 31. h4 Kc5 32. Rd8 b5 33. g4 fxg4+ 34.
Kxg4 Rg7+ 35. Kf3 Rg1 36. Rd7 a5 37. Rxh7 Rb1 38. Rh5+ Kb6 39. Re5 Rxb2 40. Re2
Rb1 41. Rxe6+ Kc5 42. Re5+ Kd6 43. a3 Rc1 44. Re3 b4 45. cxb4 axb4 46. axb4 c3
47. Ke4 c2 48. Re2 Kc6 49. h5 Kb5 50. h6 Kxb4 51. h7 Rh1 52. Rxc2 Rxh7 53. f5
1-0

[Event "Gausdal Troll Masters"]
[Site "Gausdal, Norway"]
[Date "2003.01.07"]
[Round "1"]
[White "Unander, Matts"]
[Black "Bjørgvik, Jan Arne"]
[Result "0-1"]
[WhiteElo "2214"]
[BlackElo "1609"]
[PlyCount "104"]
[EventDate "2003.01.??"]
[Source "EeEk"]
[SourceDate "2003.01.08"]

1. d4 d5 2. Bg5 h6 3. Bh4 Nf6 4. Bxf6 exf6 5. e3 Bd6 6. c4 dxc4 7. Bxc4 O-O 8.
Nc3 c6 9. Qh5 Qd7 10. h3 Qf5 11. Qe2 Re8 12. Bd3 Qa5 13. Nf3 Bb4 14. Rc1 Qxa2
15. O-O Bxc3 16. Rxc3 Qe6 17. Nh4 Qd6 18. Qh5 Qd5 19. Qxd5 cxd5 20. Rc7 Nc6 21.
Rc1 a6 22. Nf5 Bxf5 23. Bxf5 Rab8 24. Rc5 Red8 25. Bc2 Nb4 26. Bb3 b6 27. Rc3
a5 28. f4 b5 29. f5 a4 30. Bd1 Na6 31. Ra7 Ra8 32. Rxa8 Rxa8 33. Rc6 Nb4 34.
Rb6 Ra5 35. Bh5 Kf8 36. Rb7 Ke8 37. Bxf7+ Kd8 38. Be6 Nd3 39. Rd7+ Ke8 40. Rxd5
Nxb2 41. Rc5 a3 42. Rc1 a2 43. Ra1 Nc4 44. Kf2 Ra3 45. e4 Ke7 46. Ke2 Kd6 47.
Bd5 Kc7 48. Be6 Kb6 49. e5 fxe5 50. dxe5 Kc5 51. f6 gxf6 52. exf6 Re3+ 0-1

[Event "Gausdal Troll Masters"]
[Site "Gausdal, Norway"]
[Date "2003.01.07"]
[Round "1"]
[White "Lahlum, Ida"]
[Black "Gambäck, Björn"]
[Result "0-1"]
[WhiteElo "1438"]
[BlackElo "2213"]
[PlyCount "102"]
[EventDate "2003.01.??"]
[Source "EeEk"]
[SourceDate "2003.01.08"]

1. d4 Nf6 2. c4 g6 3. Nc3 Bg7 4. g3 d6 5. Bg2 Nbd7 6. e3 c6 7. Nge2 Qc7 8. b3
a6 9. Bb2 Rb8 10. Rc1 O-O 11. O-O b6 12. Qc2 Bb7 13. Rfd1 Ba8 14. d5 cxd5 15.
cxd5 Rfc8 16. Nd4 b5 17. Nc6 Bxc6 18. dxc6 Ne5 19. Ne2 Ne8 20. Nd4 e6 21. Qe2
g5 22. f4 gxf4 23. exf4 Ng6 24. Bh3 Qb6 25. Kh1 Rc7 26. Bg2 Ne7 27. Qd2 d5 28.
Rf1 Nd6 29. g4 Nxc6 30. Nxc6 Bxb2 31. Qxb2 Rxc6 32. Qf6 Rxc1 33. Rxc1 Qe3 34.
Rf1 Ne4 35. Bxe4 Qxe4+ 36. Kg1 Rc8 37. Qe7 h6 38. Qh4 Rc2 39. Rf2 Qe1+ 40. Kg2
Rxf2+ 41. Qxf2 Qxf2+ 42. Kxf2 f6 43. h4 b4 44. f5 e5 45. Kf3 Kf7 46. Ke3 Ke7
47. Kd3 Kd7 48. Ke3 Kd6 49. Kd3 e4+ 50. Kd4 a5 51. Ke3 Ke5 0-1

[Event "Gausdal Troll Masters"]
[Site "Gausdal, Norway"]
[Date "2003.01.07"]
[Round "1"]
[White "Agopov, Mikael"]
[Black "Bryn, Steinar"]
[Result "1-0"]
[WhiteElo "2376"]
[BlackElo "1561"]
[PlyCount "49"]
[EventDate "2003.01.??"]
[Source "EeEk"]
[SourceDate "2003.01.08"]

1. e4 e5 2. Nf3 Nc6 3. Bb5 a6 4. Ba4 Bc5 5. O-O Nf6 6. d3 d6 7. c3 b5 8. Bb3
O-O 9. Bg5 h6 10. Bh4 Bb7 11. Nbd2 Re8 12. Re1 Ne7 13. Bxf6 gxf6 14. Nh4 Rf8
15. Nf1 Bc8 16. d4 Ba7 17. Ng3 Kh7 18. Qh5 Be6 19. Re3 Qd7 20. Ngf5 Nxf5 21.
Nxf5 Bxf5 22. exf5 Rg8 23. Rh3 Rxg2+ 24. Kxg2 Rg8+ 25. Kf1 1-0

[Event "Gausdal Troll Masters"]
[Site "Gausdal, Norway"]
[Date "2003.01.07"]
[Round "1"]
[White "Bryn, Askild"]
[Black "Valenti, Giuseppe"]
[Result "1/2-1/2"]
[WhiteElo "1616"]
[BlackElo "2230"]
[PlyCount "47"]
[EventDate "2003.01.??"]
[Source "EeEk"]
[SourceDate "2003.01.08"]

1. c4 Nf6 2. g3 e6 3. Bg2 d5 4. b3 Bd6 5. Bb2 c6 6. e3 O-O 7. Ne2 b5 8. cxb5
cxb5 9. O-O Ba6 10. d3 Nc6 11. e4 b4 12. Re1 Ne5 13. Nf4 dxe4 14. d4 Nd3 15.
Nxd3 exd3 16. Bxa8 Qxa8 17. Nd2 Qd5 18. Qf3 Rc8 19. Rac1 Rxc1 20. Rxc1 Qxf3 21.
Nxf3 Ne4 22. Rd1 Nc3 23. Rd2 Ne4 24. Rd1 1/2-1/2

[Event "Gausdal Troll Masters"]
[Site "Gausdal, Norway"]
[Date "2003.01.07"]
[Round "1"]
[White "Bue, Gunnar"]
[Black "Tallaksen, Geir Sune"]
[Result "0-1"]
[WhiteElo "1991"]
[BlackElo "2258"]
[PlyCount "48"]
[EventDate "2003.01.??"]
[Source "EeEk"]
[SourceDate "2003.01.08"]

1. d4 Nf6 2. c4 e6 3. Nf3 c5 4. e3 cxd4 5. exd4 d5 6. b3 Nc6 7. Be2 Bb4+ 8. Bd2
Be7 9. Bc3 Ne4 10. O-O O-O 11. Bb2 b6 12. Nbd2 Nxd2 13. Qxd2 Bf6 14. Rfd1 Ba6
15. Rac1 Rc8 16. Rc2 dxc4 17. bxc4 Na5 18. Rdc1 Qd7 19. Qb4 Rfd8 20. c5 Bxe2
21. Rxe2 Nc6 22. Qb5 Nxd4 23. Nxd4 Qxb5 24. Nxb5 Rxc5 0-1